Applied thermodynamics for engineering technologists (Record no. 10734)

000 -LEADER
fixed length control field 00547nam a2200205u 4500
001 - CONTROL NUMBER
control field 10734
003 - CONTROL NUMBER IDENTIFIER
control field BD-DhUET
008 - FIXED-LENGTH DATA ELEMENTS--GENERAL INFORMATION
fixed length control field 810312q1963 enk 000 0 eng
040 ## - CATALOGING SOURCE
Original cataloging agency DLC
Transcribing agency DLC
Modifying agency BD-DhUET
082 ## - DEWEY DECIMAL CLASSIFICATION NUMBER
Classification number 621.01
Item number EAS/1963
100 ## - MAIN ENTRY--PERSONAL NAME
Personal name Eastop, T. D.
245 10 - TITLE STATEMENT
Title Applied thermodynamics for engineering technologists
250 ## - EDITION STATEMENT
Edition statement 1st ed.
260 ## - PUBLICATION, DISTRIBUTION, ETC. (IMPRINT)
Place of publication, distribution, etc. London
Name of publisher, distributor, etc. Longmans
Date of publication, distribution, etc. 1963
300 ## - PHYSICAL DESCRIPTION
Extent xi, 788p.
Other physical details ill.
504 ## - BIBLIOGRAPHY, ETC. NOTE
Bibliography, etc Includes bibliographies
650 #0 - SUBJECT ADDED ENTRY--TOPICAL TERM
Topical term or geographic name as entry element Thermodynamics, Engineering
700 ## - ADDED ENTRY--PERSONAL NAME
Personal name McConkey, A.
942 ## - ADDED ENTRY ELEMENTS (KOHA)
Koha item type General Book
Holdings
Source of classification or shelving scheme Koha date last seen Lost status Shelving location Sublocation or collection (holding branch) Koha date last borrowed Piece designation (barcode) Copy number Koha issues (times borrowed) Koha normalized classification for sorting Koha item type Location (home branch) Date acquired Price effective from Koha full call number Not for loan Damaged status Withdrawn status
 2015-02-09 Circulation sectionCentral Library, BUET 238141 621_010000000000000_EAS_1963General BookCentral Library, BUET2015-02-092015-02-09621.01/EAS/1963   
 2024-10-19 Circulation sectionCentral Library, BUET2024-09-17374221621_010000000000000_EAS_1963General BookCentral Library, BUET2015-04-162015-04-16621.01/EAS/1963   
 2015-04-27 Circulation sectionCentral Library, BUET 182583 621_010000000000000_EAS_1963General BookCentral Library, BUET2015-04-272015-04-27621.01/EAS/1963   
 2015-06-16 Reading sectionCentral Library, BUET 182564 621_010000000000000_EAS_1963Reading ItemCentral Library, BUET2015-06-162015-06-16621.01/EAS/1963